000 00727cam a22002413a 4500
001 26493
003 PGUSA
005 20140828083554.0
008 080830s2008||||xxu|||||s|||||000 | eng d
040 _aPGUSA
_beng
042 _adc
050 4 _aDA
100 1 _aBoulger, Demetrius Charles,
_d1853-1928
245 1 4 _aThe Life of Gordon, Volume II
_h[electronic resource] /
_cDemetrius Charles Boulger
260 _bProject Gutenberg,
_c2008
506 _aPublic domain in the USA.
516 _aElectronic text
653 _aGordon, Charles George, 1833-1885
653 _aGenerals -- Great Britain -- Biography
830 0 _aProject Gutenberg
_v26493
856 4 0 _uhttp://www.gutenberg.org/ebooks/26493
942 _cEB
999 _c255748
_d255748